[Event "IND-ch (Women) 48th"]
[Site "Hatkanangale"]
[Date "2022.12.31"]
[Round "6"]
[White "Rashmi, Priya"]
[Black "Suryanshi, Sharma"]
[Result "0-1"]
[WhiteElo "1236"]
[BlackElo "1342"]
[PlyCount "71"]
[EventDate "2022.12.26"]
[EventType "swiss"]
[EventRounds "11"]
[EventCountry "IND"]
[SourceTitle "CBM 212 Extra"]
[Source "ChessBase"]
[SourceDate "2023.03.31"]
[SourceVersion "1"]
[SourceVersionDate "2023.03.31"]
[SourceQuality "1"]

1. e4 d5 2. exd5 Nf6 3. d4 Bg4 4. Be2 Bxe2 5. Nxe2 Qxd5 6. 0-0 Nc6 7. Be3 e6 8. Nbc3 Qf5 9. Ng3 Qg6 10. Nce2 Bd6 11. c3 h5 12. Bf4 Bxf4 13. Nxf4 Qh6 14. Qf3 g5 15. Nd3 0-0-0 16. Ne2 Rd5 17. Rae1 Qg7 18. Qe3 h4 19. h3 g4 20. Nef4 Rg5 21. Kh1 gxh3 22. Qxh3 Rg4 23. d5 Ne7 24. dxe6 Nf5 25. exf7 Ng3+ 26. Kg1 Nxf1 27. f3 Ng3 28. fxg4 Qxf7 29. Re3 Nfe4 30. g5+ Kb8 31. Qe6 Nxg5 32. Qxf7 Nxf7 33. Ng6 Rg8 34. Nxh4 Nd6 35. b3 Nde4 36. c4 0-1

[Event "IND-ch U15 Girls 38th"]
[Site "New Delhi"]
[Date "2022.12.02"]
[Round "7"]
[White "Falak, Joni Naik"]
[Black "Suryanshi, Sharma"]
[Result "0-1"]
[WhiteElo "1421"]
[BlackElo "1263"]
[PlyCount "94"]
[EventDate "2022.11.28"]
[EventType "swiss"]
[EventRounds "11"]
[EventCountry "IND"]
[SourceTitle "CBM 211 Extra"]
[Source "ChessBase"]
[SourceDate "2023.01.31"]
[SourceVersion "1"]
[SourceVersionDate "2023.01.31"]
[SourceQuality "1"]

1. d4 Nf6 2. Nf3 d5 3. e3 c5 4. b3 g6 5. Bb2 Bg7 6. Nbd2 0-0 7. Bd3 Nc6 8. a3 Nh5 9. Be2 cxd4 10. Nxd4 Nxd4 11. Bxd4 e5 12. Bb2 Re8 13. Bxh5 gxh5 14. Qxh5 Re6 15. 0-0-0 Rg6 16. h3 Rh6 17. Qe2 Rc6 18. e4 Qc7 19. Nf3 d4 20. Kb1 Bd7 21. g4 Rc8 22. Rd2 Rc5 23. Rc1 f6 24. g5 f5 25. h4 Be6 26. Rg1 Qc6 27. g6 h6 28. b4 Rb5 29. exf5 Bxf5 30. h5 a5 31. Nh4 Be6 32. f4 axb4 33. a4 Ra5 34. f5 Bd5 35. Qf2 Rxa4 36. f6 Rca8 37. Rd3 Qxf6 38. Nf5 Rf8 39. Rf1 Qe6 40. Qh4 Ba2+ 41. Kc1 Rxf5 42. Qd8+ Rf8 43. Rxf8+ Bxf8 44. Rf3 Qe7 45. Qb6 Qg5+ 46. Kd1 Qg1+ 47. Ke2 d3+ 0-1

[Event "IND-ch U15 Girls 38th"]
[Site "New Delhi"]
[Date "2022.12.01"]
[Round "5"]
[White "Shreya, G Hipparagi"]
[Black "Suryanshi, Sharma"]
[Result "1-0"]
[WhiteElo "1513"]
[BlackElo "1263"]
[PlyCount "119"]
[EventDate "2022.11.28"]
[EventType "swiss"]
[EventRounds "11"]
[EventCountry "IND"]
[SourceTitle "CBM 211 Extra"]
[Source "ChessBase"]
[SourceDate "2023.01.31"]
[SourceVersion "1"]
[SourceVersionDate "2023.01.31"]
[SourceQuality "1"]

1. e4 g6 2. d4 Bg7 3. Nf3 a6 4. Bf4 d6 5. h3 Nd7 6. Bc4 e6 7. Nbd2 b5 8. Bb3 Bb7 9. a4 Ngf6 10. Qe2 h6 11. 0-0 0-0 12. Rfe1 b4 13. a5 Nh7 14. Qc4 Rb8 15. Ra4 e5 16. dxe5 dxe5 17. Bg3 c5 18. Raa1 Kh8 19. Qe2 Qe7 20. Ba4 Nhf6 21. Rad1 Rfd8 22. Bh2 Nh5 23. Nc4 Nf4 24. Qe3 Nf6 25. Nfxe5 Ne6 26. Nd6 Kh7 27. Nexf7 Rf8 28. Nxb7 Rxb7 29. Nd6 Ra7 30. Nf5 Qf7 31. Nxg7 Qxg7 32. Bd6 Rc8 33. Be5 Qe7 34. Qf3 Ne8 35. Bxe8 Qxe8 36. Rd5 Qa4 37. Qf6 Qe8 38. Rd6 Ng5 39. Rd5 Rc6 40. Rd8 Rxf6 41. Rxe8 Nf7 42. Bxf6 g5 43. e5 Kg6 44. e6 Kxf6 45. Rf8 Re7 46. Rxf7+ Rxf7 47. exf7 Kxf7 48. Re5 Kf6 49. Rxc5 Ke6 50. Rc6+ Kf5 51. Rxa6 b3 52. cxb3 h5 53. Rc6 g4 54. a6 g3 55. a7 gxf2+ 56. Kxf2 h4 57. a8Q Ke5 58. Qe8+ Kd5 59. Qd7+ Ke4 60. Re6+ 1-0

[Event "IND-ch U15 Girls 38th"]
[Site "New Delhi"]
[Date "2022.11.28"]
[Round "1"]
[White "Anishka, Vikram"]
[Black "Suryanshi, Sharma"]
[Result "1-0"]
[WhiteElo "1907"]
[BlackElo "1263"]
[PlyCount "85"]
[EventDate "2022.11.28"]
[EventType "swiss"]
[EventRounds "11"]
[EventCountry "IND"]
[SourceTitle "CBM 211 Extra"]
[Source "ChessBase"]
[SourceDate "2023.01.31"]
[SourceVersion "1"]
[SourceVersionDate "2023.01.31"]
[SourceQuality "1"]

1. d4 g6 2. c4 Bg7 3. Nc3 d6 4. e4 Nd7 5. Nf3 Ngf6 6. Be2 0-0 7. 0-0 e5 8. d5 Nc5 9. Qc2 a5 10. Bg5 h6 11. Be3 Ncd7 12. Nd2 Nh7 13. a3 Re8 14. b4 Ndf8 15. c5 f5 16. f3 f4 17. Bf2 Bd7 18. Nc4 dxc5 19. bxc5 Qg5 20. Rfb1 Reb8 21. Nb5 Qd8 22. Qc3 c6 23. dxc6 Bxc6 24. Nb6 Nd7 25. Nxa8 Rxa8 26. Nd6 Nhf6 27. Nxb7 Qc7 28. Nd6 Kh7 29. Bb5 Bxb5 30. Nxb5 Qc6 31. a4 Bf8 32. Rc1 Ne8 33. Qc4 Kg7 34. Qd5 Qc8 35. c6 Ndf6 36. Qxe5 g5 37. c7 Bb4 38. Rd1 Qb7 39. Rd8 Nxc7 40. Rd7+ Kg8 41. Qxf6 Ne8 42. Qf7+ Kh8 43. Qh7# 1-0